Science Quiz

Random Science or Biology Quiz

Biology cells review Quiz Stats

 Plays Quiz not verified by Sporcle

Support Sporcle.
Go Orange.
Score 0/20 Timer 10:00
0 Plays Today
hint answer % Correct
the stage where each chromosome separates from its identical twin begin to be pulled toward opposite polesanaphase
90.1%
the stage of mitosis where most of the cells life is spent growinginterphase
88.9%
longest stage of the cell cycleinterphase
88.9%
the begining stage of mitosisprophase
88.9%
the stage where chromosomes bunch up and spindle fibers begin to formprophase
88.9%
the stage where chromosomes attach to spindle fibers and line up in the center of the cellmetaphase
88.9%
from G1 all the way through G2 is what stageinterphase
88.9%
the stage where each side of the cell has a complete set of chromosomes and spindle fibers disappeartelophase
81.5%
Are shaped like X's and are in the nucleuschromosomes
71.6%
first part in the cell cycleG1
69.1%
hint answer % Correct
cells cease division in which part of the cell cycleG1
69.1%
last part of the cell cycleG2
65.4%
when one cell divides into two complete cells in eukaryotic cellscytokinesis
63%
occurs at the end of mitosiscytokinesis
63%
second part of the cell cycleS phase
59.3%
chromosomes made up of two 'sister chromatids' attached at the center or at the centromere
54.3%
the cell grows durring three separate parts of interphase calledG1, S, and G2
23.5%
the DNA of each chromosome is copiedDNA replication
21%
another word for a chromosome's identical twinhomologous pair
19.8%
what does the cell do for most of it's lifegrows
7.4%

You're not logged in!

Compare scores with friends on all Sporcle quizzes.
OR
Log In

From the Vault

Bands By Last Name III

by gingerlover

We have no doubt that you'll do well on this quiz.
Remove Ads.
Support Sporcle.
Get the best of Sporcle when you Go Orange. This ad-free experience offers more features, more stats, and more fun while also helping to support Sporcle. Thank you for becoming a member.

Show Comments

Extras

Created Feb 15, 2011ReportNominate
Tags:Biology Quiz, cell, Review

Top Quizzes Today


Score Distribution

Your Account Isn't Verified!

In order to create a playlist on Sporcle, you need to verify the email address you used during registration. Go to your Sporcle Settings to finish the process.

Report this User

Report this user for behavior that violates our Community Guidelines.

Details: